Estatísticas para Países antigos por capital

Clique aqui para jogar o quiz

Estatísticas Gerais

  • Esse quiz foi jogado 118 vezes
  • A pontuação média é 8 de 18

Estatísticas das Respostas

Extinto emCapitalPaís/Império% Correto
1991MoscouUnião Soviética
75%
1992BelgradoIugoslavia
72%
1990Berlim OrientalAlemanha Oriental
65%
1992PragaTchecoslovaquia
65%
1533CuzcoImpério Inca
54%
1923IstambulImpério Otomano
51%
1846AustinTexas
48%
1898HonoluluHavaí
46%
1871BerlimPrussia
46%
1707EdimburgoEscócia
42%
1521TenochtitlanImpério Asteca
36%
1951LhasaTibete
36%
1453ConstantinoplaImpério Bizantino
33%
1975SaigonVietnã do Sul
23%
1865RichmondEstados Confederados da América
21%
1934St. John'sTerra Nova
21%
1902BloemfonteinEstado Livre de Orange
13%
1857AgraImpério Mogol
7%

Distribuição das Pontuações

Percentil de Números Respondidos

Porcentagem de Pessoas com Cada Pontuação

Sua Pontuação Histórica

Você não jogou esse quiz